Chemical analysis : (Record no. 18120)

MARC details
000 -LEADER
fixed length control field 01451aam a2200385 i 4500
001 - CONTROL NUMBER
control field 013595863
003 - CONTROL NUMBER IDENTIFIER
control field EG-ScBUE
005 - DATE AND TIME OF LATEST TRANSACTION
control field 20250728104552.0
008 - FIXED-LENGTH DATA ELEMENTS--GENERAL INFORMATION
fixed length control field 061027t2007 enka f bd 001 0 eng d
020 ## - INTERNATIONAL STANDARD BOOK NUMBER
International Standard Book Number 9780470859032 (pbk.)
020 ## - INTERNATIONAL STANDARD BOOK NUMBER
International Standard Book Number 0470859032 (pbk.)
040 ## - CATALOGING SOURCE
Original cataloging agency StDuBDS
Language of cataloging eng
Description conventions rda
Transcribing agency StDuBDS
Modifying agency Uk
-- EG-ScBUE
041 1# - LANGUAGE CODE
Language code of text/sound track or separate title eng
Language code of original and/or intermediate translations of text fre
082 04 - DEWEY DECIMAL CLASSIFICATION NUMBER
Classification number 543
Edition number 22
Item number ROU
100 1# - MAIN ENTRY--PERSONAL NAME
Personal name Rouessac, Francis,
Relator term author.
9 (RLIN) 26915
240 10 - UNIFORM TITLE
Uniform title <a href="Analyse chimique.">Analyse chimique.</a>
Language of a work English
245 10 - TITLE STATEMENT
Title Chemical analysis :
Remainder of title modern instrumentation methods and techniques /
Statement of responsibility, etc Francis Rouessac and Annick Rouessac, University of le mans, France ; translated by Francis and Annick Rouessac and Steve Brooks.
250 ## - EDITION STATEMENT
Edition statement Second ediion.
264 #1 - PUBLICATION, DISTRIBUTION, ETC. (IMPRINT)
Place of publication, distribution, etc England, Unites Kingdom :
Name of publisher, distributor, etc John Wiley & Sons, Ltd.,
Date of publication, distribution, etc [2007]
264 #4 - PUBLICATION, DISTRIBUTION, ETC. (IMPRINT)
Date of publication, distribution, etc c2007
300 ## - PHYSICAL DESCRIPTION
Extent xxiii, 574 pages :
Other physical details illustrations ;
Dimensions 26 cm
336 ## - CONTENT TYPE
Source rdacontent
Content type term text
Content type code txt
337 ## - MEDIA TYPE
Media type term unmediated
Source rdamedia
Media type code n
338 ## - CARRIER TYPE
Carrier type term volume
Carrier type code nc
Source rdacarrier
500 ## - GENERAL NOTE
General note Includes glossary.<br/>
504 ## - BIBLIOGRAPHY, ETC. NOTE
Bibliography, etc Includes bibliographical references and index.<br/>
546 ## - LANGUAGE NOTE
Language note Text in English ; translated from the original French language.
650 #7 - SUBJECT ADDED ENTRY--TOPICAL TERM
Topical term or geographic name as entry element Instrumental analysis.
Source of heading or term BUEsh
9 (RLIN) 26916
653 ## - INDEX TERM--UNCONTROLLED
Resource For college Pharmacy
Arrived date list March2014
655 ## - INDEX TERM--GENRE/FORM
Form subdivision Reading book
9 (RLIN) 33728
700 1# - ADDED ENTRY--PERSONAL NAME
Personal name Rouessac, Annick,
Relator term author.
9 (RLIN) 26917
700 1# - ADDED ENTRY--PERSONAL NAME
Personal name Francis
9 (RLIN) 35683
Relator term translator.
700 1# - ADDED ENTRY--PERSONAL NAME
Personal name Brooks, Steve,
Relator term translator.
9 (RLIN) 35684
942 ## - ADDED ENTRY ELEMENTS (KOHA)
Source of classification or shelving scheme Dewey Decimal Classification
Koha item type Book - Borrowing
Holdings
Withdrawn status Lost status Source of classification or shelving scheme Damaged status Not for loan Collection code Home library Current library Shelving location Date acquired Source of acquisition Cost, normal purchase price Total Checkouts Full call number Barcode Date last seen Cost, replacement price Koha item type Total Renewals Checked out Date checked out Price effective from
    Dewey Decimal Classification     Baccah Central Library Central Library First floor 17/03/2014 Purchase 390.00   543 ROU 000024616 15/07/2025 487.50 Book - Borrowing        
    Dewey Decimal Classification     Baccah Central Library Central Library First floor 17/03/2014 Purchase 390.00   543 ROU 000035717 15/07/2025 487.50 NB - Book (Non borrowing)        
    Dewey Decimal Classification     Baccah Central Library Central Library First floor 17/03/2014 Purchase 390.00   543 ROU 000035718 15/07/2025 487.50 Book - Borrowing        
    Dewey Decimal Classification     Baccah Central Library Central Library First floor 17/03/2014   390.00 1 543 ROU 000035719 03/11/2014 487.50 Book - Borrowing 61 07/06/2025 03/11/2014 17/03/2014
    Dewey Decimal Classification     Baccah Central Library Central Library First floor 17/03/2014 Purchase 390.00   543 ROU 000035720 15/07/2025 487.50 Book - Borrowing        
    Dewey Decimal Classification     Baccah Central Library Central Library First floor 17/03/2014 Purchase 390.00   543 ROU 000035721 15/07/2025 487.50 Book - Borrowing        
    Dewey Decimal Classification     Baccah Central Library Central Library First floor 17/03/2014 Purchase 390.00   543 ROU 000035722 15/07/2025 487.50 Book - Borrowing        
    Dewey Decimal Classification     Baccah Central Library Central Library First floor 17/03/2014 Purchase 390.00   543 ROU 000035723 15/07/2025 487.50 Book - Borrowing        
    Dewey Decimal Classification     Baccah Central Library Central Library First floor 17/03/2014 Purchase 390.00 1 543 ROU 000035724 15/07/2025 487.50 Book - Borrowing 5   02/04/2017  
    Dewey Decimal Classification     Baccah Central Library Central Library First floor 17/03/2014 Purchase 390.00 2 543 ROU 000035725 15/07/2025 487.50 Book - Borrowing 5   28/02/2017